|
|
|
|
| LEADER |
01158nam a2200241 a 4500 |
| 001 |
GR-MES11476 |
| 003 |
GR-PaULI |
| 005 |
20250317102045.0 |
| 008 |
070209s2006 gr 000 f gre d |
| 952 |
|
|
|0 0
|1 0
|2 ddc
|4 0
|6 Μ_ΔΗΜ
|7 0
|9 270450
|a MSLG
|b MSLG
|c BSC
|d 2021-01-17
|e 24
|f 0
|g 0.00
|l 0
|o Μ ΔΗΜ
|p 2420000021244
|r 2021-01-17 00:00:00
|t 1
|w 2021-01-17
|y BK15
|x 20070209 0 1
|x GrPaTEI
|
| 952 |
|
|
|0 0
|1 0
|2 ddc
|4 0
|6 889_340000000000000_ΔΗΜ
|7 0
|9 362961
|a LISP
|b LISP
|c DON
|d 2022-07-28
|e ΠΑΤ
|i 148083
|l 0
|o 889.34 ΔΗΜ
|p 025000274167
|r 2022-07-28 00:00:00
|t 2
|w 2022-07-28
|y BKN
|
| 999 |
|
|
|c 156206
|d 156206
|
| 020 |
|
|
|a 9604550934
|
| 040 |
|
|
|a GrPaTEI
|b gre
|c GR-PaULI
|e AACR2
|
| 082 |
0 |
4 |
|a 889.34
|2 23
|
| 100 |
1 |
|
|a Δημητρομανωλάκη, Ελευθερία
|9 193244
|e συγγραφέας.
|
| 245 |
1 |
2 |
|a Η ηγεμονία της ευτυχίας :
|b μυθιστόρημα /
|c Ελευθερία Δημητρομανωλάκη.
|
| 260 |
|
|
|a Αθήνα :
|b Μεταίχμιο,
|c 2006.
|
| 300 |
|
|
|a 325 σ. ;
|c 21 εκ.
|
| 490 |
1 |
|
|a Λογοτεχνία
|
| 830 |
|
0 |
|a Λογοτεχνία (Μεταίχμιο)
|9 155539
|
| 942 |
|
|
|2 ddc
|c BK15
|
| 998 |
|
|
|c ΜΠΟΥΡΑΣ
|d 2022-07
|